Normal view
MARC view
- Memoona Javeria Anwar
Entry Personal Name
001 - CONTROL NUMBER
- control field: 15661
003 - CONTROL NUMBER IDENTIFIER
- control field: NUST
005 - DATE AND TIME OF LATEST TRANSACTION
- control field: 20190627044617.0
008 - FIXED-LENGTH DATA ELEMENTS
- fixed length control field: 190627|| aca||aabn | a|a d
040 ## - CATALOGING SOURCE
- Original cataloging agency: NUST
- Transcribing agency: NUST
100 ## - HEADING--PERSONAL NAME
- Personal name: Memoona Javeria Anwar
670 ## - SOURCE DATA FOUND
- Source citation: Work cat.: (NUST): Memoona Javeria Anwar, AUTHENTICATED CLIENT PROVABLE DATA POSSESSION (AC-PDP) SECURITY SYSTEM FOR CLOUD COMPUTING /, 2012.
